1611 1382 1386 1737 1392 1566 1036 1748 1007 1377 1315 1286 1146 1774 1414 1622 1465 1628 1211 1132 1828 1183 1965 1706 1914 1949 1177 1252 1239 1683 1547 1679 1309 1862 1670 1123 1693 1361 1237 1630 1149 1379 1813 1649 1658 1706 1638 1215 1690 1467 1071 1857 1897 1422 1284 1284 1630 1760 1296 1495 1741 1158 1585 1325 1451 1635 1382 1287 1710 1412 1761 1427 1360 1833 1596 1610 1528 1716 1142 1388 1833 1116 1515 1493 1112 1218 1601 1263 1833 1617 1424 1767 1995 1065 1524 1730 1476 1572 1248 BCNSPRNW ULIB Ver.6.0+V

เปลี่ยนเป็นภาษาไทย

Change to English
 แสดงรายละเอียดบรรณานุกรม
  กลับหน้าหลัก

Brief Record : Get Marc (ISO 2709) : E-mail record : QR code < ปิดหน้าต่าง
LEADER : 00000nam 2200000uu 4500
001    13399122358
003     ULIB
008    130222s2553||||th 000 0 tha d
099    วจ.WY18บ784ผ
100 0  เบญจมาศ นาคามดี, ชรินธร ว่องวีระยุทธ์ และอายุพร กัยวิกัยโกศล
245 00 ผลการเรียน ความคิดเห็น และความพึงพอใจของนักศึกษาพยาบาลต่อการเรียนการสอนที่เน้นผู้เรียนเป็นสำคัญ^cโดย
260    พิษณุโลกๅ:^bวิทยาลัยพยาบาลบรมราชชนนี พุทธชินราช,^c2553
300    55 หน้า
650  0 ความพึงพอใน^bนักศึกษาพยาบาล^xวิจัย
700 0  ชรินธร ว่องวีระยุทธ์
700 0  อายุพร กัยวิกัยโกศล
945    ^p0^l0^i033607
999    ^aเกษร โพธิ์สุวรรณ
รายการนี้ยังไม่มีแท็ก
คุณยังไม่ได้ล็อกอิน คุณสามารถมีกิจกรรมร่วมกับเว็บไซต์ได้ แต่ต้องล็อกอินก่อน ::
  ล็อกอิน

รายการสื่อสารสนเทศ

ลำดับที่ ประเภท เลขเรียก/บาร์โค้ด สถานที่ สถานะ
1. งานวิจัย
งานวิจัย
วจ.WY18บ784ผ  
  Barcode: 033607
ห้องสมุดวิทยาเขตสวรรค์ประชารักษ์
►วิจัย
บนชั้น

BibComment


ยังไม่เคยถูกคอมเมนท์

คอมเมนท์ทรัพยากรรายการนี้
  คอมเมนท์: ผลการเรียน ความคิ..


 Copyright 2026. Bcnsprnw @Library